00365 2200157 4500245004400000020002200044250001100066100002000077650001600097005001900113260002900132041001400161084000800175300001500183336000900198 aRouge Ni NaritaicKannethly GarryhText a978-602-7695-39-9 aCet. 1 aKannethly Garry aNovel Fiksi a20230110150301 aYogakartabBerlianc2014 aIndonesia a813 a266 hlm. : atext